000 00325nam a2200133Ia 4500
005 20251222144835.0
008 251222s9999||||xx |||||||||||||| ||spa||
082 _a700/S15
100 _aSagástegui, Oswaldo
245 0 _aSagástegui, Oswaldo
250 _a1ra. ed.
264 _bGaleria de Arte Camino Brent
942 _cLIB
999 _c20994
_d20994